000 00624nam a22001577a 4500
003 OSt
005 20150928171239.0
008 150928b xxu||||| |||| 00| 0 eng d
040 _cRUA
082 _aAGR.BB KOK 2010 B060 Or.1
100 _91513
_aKOK, CHANNA
245 _aEffect of organict fertilizer on lettuce at sangker didtrict, battambang province, ឥទ្ធិពលនៃជីធម្មជាតិលើដំណាំសាលាដ នៅស្រុកសង្កែ ខេត្តបាត់ដំបង
260 _aPhnom Phen
_bRUA
_c2010
300 _aXIIIII,54p.
_bill.
_c29ccm.
942 _2ddc
_cAGRBB
999 _c1424
_d1424